[Event "European Blitz Championship 2021"]
[Site "Katowice"]
[Date "2021.12.17"]
[Round "12.11"]
[White "Przybylski, Wojciech"]
[Black "Malczyk, Radoslaw"]
[Result "1-0"]
[WhiteElo "2247"]
[BlackElo "2045"]
[Annotator "NA"]
[PlyCount "75"]
[EventDate "2021.12.17"]
[EventType "swiss"]
[EventCountry "POL"]
[SourceTitle "playchess.com"]
[Source "ChessBase"]
[SourceQuality "1"]

1. e4 c5 2. Nf3 g6 3. c3 d5 4. e5 Bg4 5. h3 Bxf3 6. Qxf3 e6 7. Bb5+ Nd7 8. O-O
a6 9. Ba4 Bg7 10. d4 Ne7 11. Bg5 b5 12. Bc2 h6 13. Be3 Rc8 14. Bd3 Nf5 15. Nd2
O-O 16. Qe2 Kh7 17. Nf3 cxd4 18. cxd4 Rc7 19. Bd2 Nb6 20. b3 Qb8 21. Bb4 Rfc8
22. g4 Ne7 23. Bd6 Qb7 24. Bxc7 Rxc7 25. Rac1 Kg8 26. Qd2 Bf8 27. Rxc7 Qxc7 28.
Rc1 Qd8 29. Qc3 g5 30. Qc7 Qxc7 31. Rxc7 Nbc8 32. a4 bxa4 33. bxa4 a5 34. Bb5
Nb6 35. h4 gxh4 36. Nxh4 Ng6 37. Nxg6 fxg6 38. Be8 1-0

[Event "European Blitz Championship 2021"]
[Site "Katowice"]
[Date "2021.12.17"]
[Round "12.12"]
[White "Ortega Ruiz, Jose Miguel"]
[Black "Gretarsson, Helgi Ass"]
[Result "1/2-1/2"]
[WhiteElo "2317"]
[BlackElo "2476"]
[Annotator "ChessBase"]
[PlyCount "219"]
[EventDate "2021.12.17"]
[EventType "swiss"]
[EventCountry "POL"]
[SourceTitle "playchess.com"]
[Source "ChessBase"]
[SourceQuality "1"]

1. d4 g6 2. c4 Bg7 3. Nc3 c5 4. d5 Bxc3+ 5. bxc3 f5 6. e4 fxe4 7. f3 e5 8. dxe6
Nc6 9. Nh3 Qf6 10. Nf4 dxe6 11. Be2 Qxc3+ 12. Bd2 Qe5 13. fxe4 Nf6 14. O-O Nxe4
15. Nd3 Qd4+ 16. Kh1 Nxd2 17. Qxd2 Bd7 18. Rab1 b6 19. Rf4 Qd6 20. Bf3 Rf8 21.
Rh4 Rf7 22. Qe3 O-O-O 23. Qe4 Qd4 24. Qxd4 Nxd4 25. Be4 Nf5 26. Rg4 Ba4 27. Ne5
Rc7 28. h3 Rd4 29. Bd3 Kd8 30. Rxd4+ Nxd4 31. Rf1 Ke7 32. Kh2 Be8 33. Kg3 Kd6
34. Ng4 Nf5+ 35. Kf4 Bc6 36. Rf2 a6 37. Rd2 Nd4 38. Kg5 b5 39. Rf2 b4 40. Rf8
a5 41. Rd8+ Rd7 42. Rf8 a4 43. Nf6 Ra7 44. Rd8+ Kc7 45. Rh8 Kb6 46. Nxh7 b3 47.
a3 Bxg2 48. h4 Rd7 49. Nf6 Rd6 50. Bxg6 Nf3+ 51. Kf4 Nd2 52. h5 Rd4+ 53. Kg3
Be4 54. Nxe4 Nxe4+ 55. Bxe4 Rxe4 56. h6 Kb7 57. h7 b2 58. Rb8+ Kxb8 59. h8=Q+
Kc7 60. Qxb2 Rxc4 61. Qb5 Rc3+ 62. Kf4 Kd6 63. Ke4 Rxa3 64. Qb6+ Kd7 65. Qxc5
Rh3 66. Qb5+ Ke7 67. Qb7+ Kf6 68. Kf4 Rh4+ 69. Kg3 Rh5 70. Qe4 Rf5 71. Kg4 Ke7
72. Qxa4 Kf6 73. Qe8 Rg5+ 74. Kf4 Rf5+ 75. Ke4 Re5+ 76. Kd4 Rd5+ 77. Kc4 Rf5
78. Qf8+ Kg6 79. Qe7 Rf4+ 80. Kd3 Kf5 81. Qf7+ Ke5 82. Qg7+ Kf5 83. Ke3 Re4+
84. Kf3 Rf4+ 85. Kg3 Re4 86. Qf7+ Ke5 87. Kf3 Rd4 88. Qg7+ Kd5 89. Qf6 Rd3+ 90.
Ke2 Rd4 91. Ke3 Re4+ 92. Kd3 Re5 93. Qd8+ Kc6 94. Qc8+ Kd6 95. Qb8+ Kd5 96. Qc7
Rf5 97. Qd7+ Ke5 98. Ke3 Kf6 99. Qe8 Re5+ 100. Kf4 Rf5+ 101. Kg4 Rg5+ 102. Kf4
Rf5+ 103. Ke4 Re5+ 104. Kd4 Rd5+ 105. Kc4 Rf5 106. Qh8+ Ke7 107. Kd4 Rd5+ 108.
Ke4 Rf5 109. Qg7+ Kd6 110. Qh8 1/2-1/2

[Event "European Blitz Championship 2021"]
[Site "Katowice"]
[Date "2021.12.17"]
[Round "12.12"]
[White "Karolczuk, Iwo"]
[Black "Budrewicz, Krzysztof"]
[Result "1-0"]
[WhiteElo "2093"]
[BlackElo "2183"]
[Annotator "NA"]
[PlyCount "65"]
[EventDate "2021.12.17"]
[EventType "swiss"]
[EventCountry "POL"]
[SourceTitle "playchess.com"]
[Source "ChessBase"]
[SourceQuality "1"]

1. d4 Nf6 2. c4 g6 3. Nc3 Bg7 4. g3 O-O 5. Bg2 d6 6. Nf3 Nc6 7. O-O e5 8. dxe5
Nxe5 9. Nxe5 dxe5 10. Qc2 c6 11. Rd1 Qe7 12. Bg5 h6 13. Bxf6 Bxf6 14. Ne4 Bg7
15. Nd6 Be6 16. c5 f5 17. e3 e4 18. Bf1 Rad8 19. Rab1 Be5 20. Nc4 Bxc4 21.
Qxc4+ Kg7 22. b4 a6 23. a4 h5 24. b5 axb5 25. axb5 cxb5 26. Qxb5 Rxd1 27. Rxd1
Kh6 28. Rd7 Qf6 29. Qxb7 Rh8 30. c6 h4 31. c7 hxg3 32. hxg3 Qg5 33. c8=Q 1-0

[Event "European Blitz Championship 2021"]
[Site "Katowice"]
[Date "2021.12.17"]
[Round "12.13"]
[White "Andersen, Mads"]
[Black "Brodowski, Piotr"]
[Result "1-0"]
[WhiteElo "2575"]
[BlackElo "2335"]
[Annotator "RC"]
[PlyCount "123"]
[EventDate "2021.12.17"]
[EventType "swiss"]
[EventCountry "POL"]
[SourceTitle "playchess.com"]
[Source "ChessBase"]
[SourceQuality "1"]

1. d4 c5 2. d5 d6 3. c4 e5 4. e4 Be7 5. Nf3 Nf6 6. Nc3 O-O 7. h3 a6 8. a4 Ne8
9. g4 Nd7 10. Bd3 g6 11. Be3 Ng7 12. Qe2 Nf6 13. Kd1 Bd7 14. Kc2 Kh8 15. b3 Ng8
16. Rag1 f5 17. gxf5 gxf5 18. exf5 Nxf5 19. h4 b5 20. Ng5 Qe8 21. Ne6 bxa4 22.
Qg4 axb3+ 23. Kb2 Qg6 24. Qxg6 hxg6 25. Nxf8 Rxf8 26. Rxg6 Bf6 27. Ne4 Bg7 28.
Rhg1 Be8 29. R6g2 Rf7 30. Kxb3 a5 31. Ng5 Rb7+ 32. Ka3 e4 33. Nxe4 Rb4 34. Rb1
Ra4+ 35. Kb3 Rb4+ 36. Ka3 Ra4+ 37. Kb3 Rb4+ 38. Kc2 Ba4+ 39. Kc1 Bb3 40. Bd2 a4
41. Ng5 Ngh6 42. Ne6 Be5 43. Bxb4 cxb4 44. c5 dxc5 45. f4 Bd6 46. Bc2 Bxd5 47.
Bxa4 Bxg2 48. Bc2 Bd5 49. Ng5 Bxf4+ 50. Kd1 Ne3+ 51. Kd2 Nxc2+ 52. Kxc2 Bxg5
53. Rd1 Be4+ 54. Kb3 Bxh4 55. Rd6 Nf5 56. Rd7 Bf6 57. Kc4 Bd4 58. Rd8+ Kg7 59.
Rb8 Kf6 60. Rb6+ Ke7 61. Ra6 Nd6+ 62. Kb3 1-0

[Event "European Blitz Championship 2021"]
[Site "Katowice"]
[Date "2021.12.17"]
[Round "12.13"]
[White "Czerw, Dawid"]
[Black "Walter, Szymon"]
[Result "0-1"]
[WhiteElo "2075"]
[BlackElo "2277"]
[Annotator "ChessBase"]
[PlyCount "64"]
[EventDate "2021.12.17"]
[EventType "swiss"]
[EventCountry "POL"]
[SourceTitle "playchess.com"]
[Source "ChessBase"]
[SourceQuality "1"]

1. d4 Nf6 2. c4 e6 3. g3 Bb4+ 4. Bd2 Qe7 5. Bg2 Nc6 6. Nf3 Bxd2+ 7. Nbxd2 d6 8.
O-O O-O 9. e4 e5 10. d5 Nb8 11. b4 a5 12. a3 Na6 13. Qb3 Bd7 14. Rfc1 axb4 15.
axb4 c5 16. b5 Nb4 17. Ne1 Ng4 18. f3 Nh6 19. Nd3 Nxd3 20. Qxd3 f5 21. exf5
Nxf5 22. Bh3 Nd4 23. Bxd7 Qxd7 24. Kg2 Rae8 25. Re1 Rf5 26. Re4 Ref8 27. Rf1
Rh5 28. Rg4 Nxf3 29. Rxg7+ Kxg7 30. Nxf3 Qg4 31. Ng1 Rxf1 32. Kxf1 Rxh2 0-1

[Event "European Blitz Championship 2021"]
[Site "Katowice"]
[Date "2021.12.17"]
[Round "12.14"]
[White "Pultinevicius, Paulius"]
[Black "Kalogeris, Ioannis"]
[Result "0-1"]
[WhiteElo "2546"]
[BlackElo "2287"]
[Annotator "RC"]
[PlyCount "112"]
[EventDate "2021.12.17"]
[EventType "swiss"]
[EventCountry "POL"]
[SourceTitle "playchess.com"]
[Source "ChessBase"]
[SourceQuality "1"]

1. d4 Nf6 2. c4 c6 3. Nf3 d5 4. Qc2 a6 5. Nbd2 g6 6. g3 Bg7 7. Bg2 Bf5 8. Qb3
b5 9. cxd5 cxd5 10. Ne5 O-O 11. O-O Nbd7 12. Nc6 Qe8 13. Qb4 e6 14. Ne7+ Kh8
15. Nxf5 gxf5 16. Nb3 Rg8 17. Bf4 Bf8 18. Qd2 Nb6 19. Be5 Bg7 20. Na5 Rc8 21.
Rac1 Qe7 22. Nc6 Qd7 23. Na5 Nc4 24. Nxc4 bxc4 25. b3 Qb5 26. bxc4 Rxc4 27. Rb1
Qc6 28. Qg5 Nd7 29. Bxg7+ Rxg7 30. Qd8+ Rg8 31. Qe7 Kg7 32. e3 Rc8 33. Bf3 Nf8
34. Qg5+ Ng6 35. Qh5 Rc2 36. a3 Ra2 37. Rb3 Qc2 38. Rb7 Rxa3 39. Ra7 Rc7 40.
Ra8 Rc8 41. Ra7 Rc7 42. Ra8 Qc6 43. Rb8 Rc8 44. Rbb1 a5 45. g4 fxg4 46. Bxg4
Ra2 47. Bf3 a4 48. Kh1 a3 49. h4 Qd6 50. Qg4 Qe7 51. Kg1 Qxh4 52. Qg2 Rg8 53.
Rfc1 Kh8 54. Bg4 f5 55. Bh3 Ne7 56. Kf1 Rxg2 0-1

[Event "European Blitz Championship 2021"]
[Site "Katowice"]
[Date "2021.12.17"]
[Round "12.14"]
[White "Janaszak, Dawid"]
[Black "Grzesik, Gracjan"]
[Result "1-0"]
[WhiteElo "2328"]
[BlackElo "2208"]
[Annotator "NA"]
[PlyCount "75"]
[EventDate "2021.12.17"]
[EventType "swiss"]
[EventCountry "POL"]
[SourceTitle "playchess.com"]
[Source "ChessBase"]
[SourceQuality "1"]

1. e4 c5 2. Nc3 Nc6 3. Bb5 Nd4 4. Nf3 e6 5. O-O a6 6. Bd3 Nc6 7. b3 d6 8. Re1
Nf6 9. Bc4 b5 10. Bf1 Bb7 11. d4 cxd4 12. Nxd4 Rc8 13. Bb2 Be7 14. Nf3 O-O 15.
Qe2 Qb6 16. Rad1 Rfd8 17. a4 b4 18. Nb1 Na5 19. e5 dxe5 20. Nxe5 Nd5 21. Bd4
Qc7 22. Rd2 Bf6 23. g3 Nc3 24. Nxc3 bxc3 25. Rd3 Rxd4 26. Rxd4 Bxe5 27. Qxe5
Qc6 28. Rde4 Nxb3 29. f3 Nd2 30. Bd3 Nxe4 31. Bxe4 Qb6+ 32. Kg2 Bxe4 33. Rxe4
h6 34. Rg4 f6 35. Qxf6 Qc7 36. Qxe6+ Kh8 37. Rd4 Qa5 38. Qxc8+ 1-0

[Event "European Blitz Championship 2021"]
[Site "Katowice"]
[Date "2021.12.17"]
[Round "12.15"]
[White "Mirzoev, Emil"]
[Black "Kulon, Klaudia"]
[Result "0-1"]
[WhiteElo "2474"]
[BlackElo "2265"]
[Annotator "ChessBase"]
[PlyCount "78"]
[EventDate "2021.12.17"]
[EventType "swiss"]
[EventCountry "POL"]
[SourceTitle "playchess.com"]
[Source "ChessBase"]
[SourceQuality "1"]

1. c4 Nf6 2. Nc3 g6 3. e4 d6 4. d4 Bg7 5. h3 O-O 6. Be3 e5 7. d5 a5 8. g4 Na6
9. Nge2 Ne8 10. Ng3 c6 11. Be2 cxd5 12. cxd5 Bd7 13. h4 Rb8 14. h5 b5 15. Qd2
Nc5 16. f3 b4 17. Nd1 f5 18. hxg6 hxg6 19. gxf5 gxf5 20. Bxc5 dxc5 21. d6 Rf6
22. Bc4+ Kf8 23. Nxf5 Bxf5 24. exf5 Nxd6 25. Ne3 Nxc4 26. Nxc4 Qxd2+ 27. Kxd2
Rxf5 28. Ke2 a4 29. Rad1 Rf4 30. b3 axb3 31. axb3 Rd4 32. Rdg1 e4 33. f4 Ra8
34. Rh5 Rd3 35. Rf5+ Kg8 36. Re1 Ra2+ 37. Kf1 Rf3+ 38. Kg1 Bd4+ 39. Kh1 Rh3#
0-1

[Event "European Blitz Championship 2021"]
[Site "Katowice"]
[Date "2021.12.17"]
[Round "12.15"]
[White "Rudzinska, Michalina"]
[Black "Bjerre, Jonas"]
[Result "0-1"]
[WhiteElo "2209"]
[BlackElo "2201"]
[Annotator "ChessBase"]
[PlyCount "108"]
[EventDate "2021.12.17"]
[EventType "swiss"]
[EventCountry "POL"]
[SourceTitle "playchess.com"]
[Source "ChessBase"]
[SourceQuality "1"]

1. e4 c5 2. Nf3 d6 3. d4 cxd4 4. Nxd4 Nf6 5. Nc3 a6 6. Bg5 Nbd7 7. Bc4 e6 8.
Qd2 b5 9. Bb3 Bb7 10. f3 Rc8 11. a3 Qa5 12. O-O-O Be7 13. Kb1 h6 14. Be3 Ne5
15. g4 Nc4 16. Bxc4 Rxc4 17. Nce2 Qxd2 18. Rxd2 Nd7 19. b3 Rc8 20. Kb2 d5 21.
exd5 Bxd5 22. Rf1 Bf6 23. c3 Nc5 24. Nf4 Bb7 25. Nde2 g6 26. Nd3 Nd7 27. Bd4 e5
28. Be3 a5 29. Rc2 a4 30. Ng3 Bd5 31. Nc1 Be7 32. Rd2 Be6 33. Ne4 Rc6 34. Rfd1
Nb6 35. Bxb6 Rxb6 36. Nc5 Bc8 37. b4 h5 38. N1d3 f6 39. g5 O-O 40. gxf6 Bxf6
41. Ne4 Bg7 42. Ndc5 Rxf3 43. Rd8+ Rf8 44. Rxf8+ Bxf8 45. Rd8 Bf5 46. Ng5 Rd6
47. Rxd6 Bxd6 48. Nce4 Be7 49. h4 Bxe4 50. Nxe4 Bxh4 51. Nd6 Be7 52. Nxb5 h4
53. Nc7 h3 54. Nd5 h2 0-1

[Event "European Blitz Championship 2021"]
[Site "Katowice"]
[Date "2021.12.17"]
[Round "12.16"]
[White "Trzebinski, Patryk"]
[Black "Balog, Imre"]
[Result "0-1"]
[WhiteElo "1617"]
[BlackElo "2573"]
[Annotator "RC"]
[PlyCount "71"]
[EventDate "2021.12.17"]
[EventType "swiss"]
[EventCountry "POL"]
[SourceTitle "playchess.com"]
[Source "ChessBase"]
[SourceQuality "1"]

1. e4 e6 2. d4 d5 3. Nc3 Nc6 4. Nf3 Nf6 5. e5 Ne4 6. Bd3 Bb4 7. Bd2 Nxd2 8.
Qxd2 f6 9. O-O-O fxe5 10. Nxe5 Nxe5 11. dxe5 Qe7 12. a3 Bc5 13. Qf4 Bd7 14. f3
O-O-O 15. Rhe1 a6 16. Kb1 g5 17. Qg3 h5 18. f4 gxf4 19. Qxf4 Rdf8 20. Qc1 Qg7
21. g3 h4 22. Ne2 Rf2 23. Nf4 hxg3 24. hxg3 Qxg3 25. Ng6 Rd8 26. Rh1 Be3 27.
Rdg1 Qf3 28. Qe1 Bd2 29. Qd1 Qxd1+ 30. Rxd1 c5 31. Rh7 c4 32. Bf1 c3 33. Bh3
Kb8 34. Ne7 cxb2 35. Kxb2 Bf4 36. Ng6 0-1

[Event "European Blitz Championship 2021"]
[Site "Katowice"]
[Date "2021.12.17"]
[Round "12.17"]
[White "Turski, Bartlomiej"]
[Black "Kjartansson, Gudmundur"]
[Result "0-1"]
[WhiteElo "2114"]
[BlackElo "2382"]
[Annotator "NA"]
[PlyCount "97"]
[EventDate "2021.12.17"]
[EventType "swiss"]
[EventCountry "POL"]
[SourceTitle "playchess.com"]
[Source "ChessBase"]
[SourceQuality "1"]

1. e4 c6 2. d4 d5 3. exd5 cxd5 4. Bd3 Nc6 5. c3 Qc7 6. h3 e6 7. Nf3 Bd6 8. O-O
Nge7 9. Be3 Bd7 10. Nbd2 f6 11. Rc1 O-O 12. c4 Rad8 13. a3 Kh8 14. b4 dxc4 15.
Nxc4 a6 16. Qc2 Bf4 17. Be4 Be8 18. Rfe1 Nd5 19. Bxd5 exd5 20. Na5 Bxe3 21.
Rxe3 Qf4 22. Nxc6 Bxc6 23. Qd2 Qd6 24. Rce1 Bd7 25. Rc1 Rc8 26. Rec3 Rce8 27.
Re3 Re4 28. Rce1 Bc6 29. Qc3 Rd8 30. Nd2 Rxe3 31. Qxe3 h6 32. Qe7 Qxe7 33. Rxe7
Kg8 34. Nb3 Kf8 35. Re3 Kf7 36. Kf1 Bb5+ 37. Ke1 b6 38. Kd2 Bc4 39. Kc2 Rc8 40.
Kb2 h5 41. Rc3 g5 42. Nd2 b5 43. Re3 h4 44. Rc3 Re8 45. Nxc4 dxc4 46. Re3 Rxe3
47. fxe3 f5 48. Kc3 Ke6 49. Kd2 0-1

[Event "European Blitz Championship 2021"]
[Site "Katowice"]
[Date "2021.12.17"]
[Round "12.18"]
[White "Piesik, Piotr"]
[Black "Kolasa, Pjotrs"]
[Result "0-1"]
[WhiteElo "2336"]
[BlackElo "2020"]
[Annotator "NA"]
[PlyCount "22"]
[EventDate "2021.12.17"]
[EventType "swiss"]
[EventCountry "POL"]
[SourceTitle "playchess.com"]
[Source "ChessBase"]
[SourceQuality "1"]

1. Nf3 Nf6 2. g3 b5 3. Bg2 Bb7 4. O-O e6 5. d3 Be7 6. e4 d6 7. Nbd2 O-O 8. a4
a6 9. Nd4 c5 10. N4b3 Nc6 11. f4 Qc7 0-1

[Event "European Blitz Championship 2021"]
[Site "Katowice"]
[Date "2021.12.17"]
[Round "12.18"]
[White "Dzierzak, Radoslaw"]
[Black "Kyc, Jerzy"]
[Result "0-1"]
[WhiteElo "2264"]
[BlackElo "2250"]
[Annotator "NA"]
[PlyCount "168"]
[EventDate "2021.12.17"]
[EventType "swiss"]
[EventCountry "POL"]
[SourceTitle "playchess.com"]
[Source "ChessBase"]
[SourceQuality "1"]

1. e4 c5 2. Nf3 d6 3. d4 cxd4 4. Nxd4 Nf6 5. Nc3 a6 6. g3 e5 7. Nde2 Be7 8. Bg2
O-O 9. O-O Nbd7 10. a4 b6 11. Nd5 Nxd5 12. Qxd5 Ra7 13. Nc3 Nf6 14. Qd3 Be6 15.
Rd1 h6 16. h3 Qc8 17. Kh2 Rd8 18. Be3 Qb7 19. a5 Nd7 20. Nd5 Nc5 21. Qd2 bxa5
22. Nxe7+ Qxe7 23. Bxc5 Rad7 24. Ba3 a4 25. Qa5 Qf6 26. Rd2 Bc4 27. Rad1 Bb5
28. Qb6 Kh7 29. Rxd6 Rxd6 30. Rxd6 Rxd6 31. Bxd6 Qe6 32. Qc5 f6 33. h4 Bd7 34.
Qd5 Qe8 35. Bh3 Bxh3 36. Kxh3 Qc8+ 37. Kg2 Qxc2 38. Ba3 h5 39. Qb7 Qe2 40. Bf8
Qg4 41. f3 Qg6 42. Qe7 Kg8 43. Qd6 Qf7 44. Be7 Kh7 45. Bd8 Qb3 46. Qd2 a3 47.
bxa3 Qxa3 48. Ba5 Qb3 49. Bc3 Qc4 50. Kh3 Qf1+ 51. Kh2 Qxf3 52. Qc2 Qe3 53. Ba5
Qf3 54. Qg2 Qa3 55. Bd2 Qd3 56. Ba5 Qb5 57. Be1 Qd3 58. Bd2 f5 59. exf5 Qxf5
60. Qe2 e4 61. Bf4 a5 62. Qa2 Qb5 63. Qc2 Qd5 64. Be3 Qf5 65. Qc5 Qf3 66. Kg1
Qxg3+ 67. Kf1 Qxh4 68. Qf5+ Kg8 69. Qc8+ Kf7 70. Qf5+ Qf6 71. Qxf6+ Kxf6 72.
Bd4+ Kf7 73. Kf2 g5 74. Ke3 Ke6 75. Kxe4 a4 76. Bc5 Kf6 77. Bb4 Kg6 78. Be7 h4
79. Bc5 Kh5 80. Kf3 g4+ 81. Kf4 h3 82. Kg3 Kg5 83. Bd6 Kf5 84. Bb8 a3 0-1

[Event "European Blitz Championship 2021"]
[Site "Katowice"]
[Date "2021.12.17"]
[Round "12.19"]
[White "Teclaf, Pawel"]
[Black "Bauer, Thomas"]
[Result "1-0"]
[WhiteElo "2543"]
[BlackElo "2204"]
[Annotator "RC"]
[PlyCount "82"]
[EventDate "2021.12.17"]
[EventType "swiss"]
[EventCountry "POL"]
[SourceTitle "playchess.com"]
[Source "ChessBase"]
[SourceQuality "1"]

1. Nf3 Nf6 2. g3 g6 3. b3 Bg7 4. Bb2 O-O 5. Bg2 d6 6. d4 c6 7. O-O Nbd7 8. a4
Qc7 9. Nc3 e5 10. dxe5 dxe5 11. Ba3 Rd8 12. Be7 Re8 13. Bd6 Qa5 14. b4 Qa6 15.
Rb1 Qc4 16. Qd3 Qg4 17. h3 e4 18. hxg4 exd3 19. exd3 Nxg4 20. Ne4 f5 21. Nc5 b6
22. Nb3 Re6 23. Bf4 h6 24. Nfd4 Nf8 25. Nxe6 Bxe6 26. Bxc6 Rc8 27. b5 g5 28.
Bd6 f4 29. Rfe1 fxg3 30. Bxg3 Bf7 31. Re7 a5 32. bxa6 Rxc6 33. a7 Rc8 34. Rxf7
Kxf7 35. Bb8 Be5 36. a8=Q Bxb8 37. Qf3+ Nf6 38. Qb7+ Rc7 39. Qxb8 Rxc2 40. Qxb6
Ne6 41. Qxe6+ Kxe6 1-0

[Event "European Blitz Championship 2021"]
[Site "Katowice"]
[Date "2021.12.17"]
[Round "12.20"]
[White "Danielyan, Vahe"]
[Black "Kukula, Pawel"]
[Result "1-0"]
[WhiteElo "2332"]
[BlackElo "2191"]
[Annotator "NA"]
[PlyCount "81"]
[EventDate "2021.12.17"]
[EventType "swiss"]
[EventCountry "POL"]
[SourceTitle "playchess.com"]
[Source "ChessBase"]
[SourceQuality "1"]

1. e4 c5 2. Nc3 Nc6 3. Bb5 d6 4. Bxc6+ bxc6 5. Nge2 e5 6. d3 Ne7 7. O-O Ng6 8.
f4 exf4 9. Nxf4 Be7 10. Be3 Ne5 11. h3 O-O 12. Qd2 Rb8 13. b3 Be6 14. Kh2 Qd7
15. Nfe2 d5 16. Bg5 f6 17. Bf4 Bd6 18. Bg3 Kh8 19. Nf4 Bc7 20. Na4 Bd6 21. Qf2
c4 22. d4 Nf7 23. Rae1 dxe4 24. Rxe4 Bxf4 25. Bxf4 Bd5 26. Nc5 Qc8 27. Re7 Rb6
28. Rfe1 Ng5 29. Rxa7 Re8 30. Rc7 Qa8 31. Rce7 Rxe7 32. Rxe7 cxb3 33. axb3 h6
34. Qe3 Kh7 35. Re8 Qa7 36. Qd3+ g6 37. Qe3 Bf7 38. Re7 Qa8 39. Bxg5 hxg5 40.
Rxf7+ Kg8 41. Qe6 1-0

[Event "European Blitz Championship 2021"]
[Site "Katowice"]
[Date "2021.12.17"]
[Round "12.21"]
[White "Nasuta, Grzegorz"]
[Black "Sokolowski, Jacek"]
[Result "1/2-1/2"]
[WhiteElo "2377"]
[BlackElo "2043"]
[Annotator "NA"]
[PlyCount "57"]
[EventDate "2021.12.17"]
[EventType "swiss"]
[EventCountry "POL"]
[SourceTitle "playchess.com"]
[Source "ChessBase"]
[SourceQuality "1"]

1. e4 Nf6 2. e5 Nd5 3. d4 d6 4. c4 Nb6 5. exd6 exd6 6. Nc3 Nc6 7. Be3 Be7 8.
Bd3 O-O 9. Nge2 Nb4 10. b3 Nxd3+ 11. Qxd3 Bf6 12. O-O g6 13. Ng3 Re8 14. Rae1
Bg7 15. Qd2 c6 16. Bg5 Qd7 17. Rxe8+ Qxe8 18. Re1 Be6 19. d5 Bxc3 20. Qxc3 cxd5
21. Bh6 f6 22. Qxf6 Qf7 23. Qxe6 dxc4 24. bxc4 Nxc4 25. Qe2 d5 26. h3 b5 27.
Qd3 a5 28. Re7 Qxe7 29. Qxd5+ 1/2-1/2

[Event "European Blitz Championship 2021"]
[Site "Katowice"]
[Date "2021.12.17"]
[Round "12.21"]
[White "Paszewski, Mateusz"]
[Black "Paczka, Patryk"]
[Result "1-0"]
[WhiteElo "2177"]
[BlackElo "1909"]
[Annotator "ChessBase"]
[PlyCount "151"]
[EventDate "2021.12.17"]
[EventType "swiss"]
[EventCountry "POL"]
[SourceTitle "playchess.com"]
[Source "ChessBase"]
[SourceQuality "1"]

1. c4 Nf6 2. g3 g6 3. b3 Bg7 4. Bb2 O-O 5. Nf3 d6 6. d4 a6 7. Bg2 Nc6 8. d5 Nb8
9. O-O Bg4 10. Nbd2 Bxf3 11. exf3 Nh5 12. Bxg7 Nxg7 13. Re1 e6 14. f4 c6 15.
dxc6 Nxc6 16. Ne4 Nf5 17. Qd2 Qc7 18. Rad1 Rad8 19. Nf6+ Kg7 20. Qb2 e5 21. Nd5
Qb8 22. Be4 Nfd4 23. b4 b5 24. Rc1 Qa7 25. c5 f6 26. Red1 a5 27. cxd6 Rxd6 28.
fxe5 fxe5 29. bxa5 Nxa5 30. Ne3 Nc4 31. Nxc4 bxc4 32. Rxc4 Rb6 33. Qd2 Rf7 34.
Qe3 Qe7 35. Rcc1 Rb2 36. Rd2 Rxd2 37. Qxd2 Qf6 38. Qe3 Qb6 39. Re1 Qb2 40. Kg2
Qxa2 41. Bd3 Qd5+ 42. Be4 Qe6 43. Ba8 Qf5 44. Be4 Qe6 45. Ba8 Qf5 46. Bd5 Re7
47. Be4 Qe6 48. Ba8 Qf5 49. Be4 Qe6 50. Rb1 Qf6 51. Bd5 Nf5 52. Qb6 Nd4 53.
Qxf6+ Kxf6 54. Rb6+ Kg7 55. h4 Nf5 56. Ra6 Nd4 57. Be4 Ne6 58. Ra8 Nd4 59. Bd5
Rd7 60. Bc4 Nf5 61. Rg8+ Kh6 62. Rf8 Nd6 63. Be6 Re7 64. Bd5 Kg7 65. Rd8 Nf5
66. Ra8 Rc7 67. Rg8+ Kh6 68. Re8 Rc2 69. Rxe5 Rd2 70. Be6 Nd4 71. Bg4 Kg7 72.
Re7+ Kg8 73. Rd7 Nb3 74. Be6+ Kf8 75. Rf7+ Ke8 76. Bxb3 1-0

[Event "European Blitz Championship 2021"]
[Site "Katowice"]
[Date "2021.12.17"]
[Round "12.22"]
[White "Kovalenko, Igor"]
[Black "Povilaitis, Tomas"]
[Result "1-0"]
[WhiteElo "2668"]
[BlackElo "2101"]
[Annotator "RC"]
[PlyCount "51"]
[EventDate "2021.12.17"]
[EventType "swiss"]
[EventCountry "POL"]
[SourceTitle "playchess.com"]
[Source "ChessBase"]
[SourceQuality "1"]

1. d4 Nf6 2. Nf3 d5 3. c4 e6 4. Nc3 Be7 5. Bg5 h6 6. Bxf6 Bxf6 7. e3 O-O 8. Rc1
b6 9. cxd5 exd5 10. b4 c6 11. Bd3 a5 12. b5 c5 13. dxc5 bxc5 14. Nxd5 Bb7 15.
Be4 Bb2 16. Rxc5 Ba3 17. Rc4 Nd7 18. O-O Rb8 19. Qd3 Bxd5 20. Bxd5 Nb6 21. Rd4
Qe7 22. Bb3 Bc5 23. Re4 Qf6 24. Rf4 Qe7 25. Qg6 Rb7 26. Rg4 1-0

[Event "European Blitz Championship 2021"]
[Site "Katowice"]
[Date "2021.12.17"]
[Round "12.22"]
[White "Koubova, Anna Marie"]
[Black "Sliwicka, Alicja"]
[Result "0-1"]
[WhiteElo "2130"]
[BlackElo "2155"]
[Annotator "NA"]
[PlyCount "65"]
[EventDate "2021.12.17"]
[EventType "swiss"]
[EventCountry "POL"]
[SourceTitle "playchess.com"]
[Source "ChessBase"]
[SourceQuality "1"]

1. d4 Nf6 2. c4 c5 3. d5 b5 4. cxb5 a6 5. Qc2 d6 6. e4 g6 7. Nf3 Bg7 8. Be2 O-O
9. O-O Nbd7 10. Nc3 axb5 11. Nxb5 Ba6 12. a4 Ne8 13. Bd2 Qb6 14. Bc3 Ndf6 15.
Rfe1 Nc7 16. Nxc7 Qxc7 17. Bxa6 Rxa6 18. Qd3 Rfa8 19. b3 Rb6 20. Nd2 Ng4 21.
Bxg7 Kxg7 22. Qc3+ f6 23. h3 Ne5 24. Nc4 Nxc4 25. bxc4 Rb4 26. Qc2 Qa5 27. Reb1
Rxa4 28. Rxa4 Qxa4 29. Qc3 Qa2 30. Rb7 Kf7 31. Kh2 Qxf2 32. Qb3 Ra2 33. Qg3 0-1

[Event "European Blitz Championship 2021"]
[Site "Katowice"]
[Date "2021.12.17"]
[Round "12.23"]
[White "Baum, Jonasz"]
[Black "Sumets, Andrey"]
[Result "1/2-1/2"]
[WhiteElo "2157"]
[BlackElo "2527"]
[Annotator "RC"]
[PlyCount "39"]
[EventDate "2021.12.17"]
[EventType "swiss"]
[EventCountry "POL"]
[SourceTitle "playchess.com"]
[Source "ChessBase"]
[SourceQuality "1"]

1. d4 Nf6 2. c4 e6 3. Nc3 Bb4 4. g3 d5 5. Bg2 O-O 6. Nf3 Nc6 7. O-O dxc4 8. Qa4
Bd7 9. Bg5 Bxc3 10. bxc3 Nxd4 11. Qxc4 Nc6 12. Rfd1 Qe8 13. Bxf6 gxf6 14. Qf4
e5 15. Qxf6 Qe6 16. Qg5+ Kh8 17. Rxd7 Qxd7 18. Qf6+ Kg8 19. Qg5+ Kh8 20. Qf6+
1/2-1/2

[Event "European Blitz Championship 2021"]
[Site "Katowice"]
[Date "2021.12.17"]
[Round "12.23"]
[White "Zylka, Stanislaw"]
[Black "Poplawski, Maciej"]
[Result "1-0"]
[WhiteElo "2143"]
[BlackElo "1949"]
[Annotator "NA"]
[PlyCount "59"]
[EventDate "2021.12.17"]
[EventType "swiss"]
[EventCountry "POL"]
[SourceTitle "playchess.com"]
[Source "ChessBase"]
[SourceQuality "1"]

1. e4 c6 2. Nf3 d5 3. Nc3 Bg4 4. Be2 Nf6 5. e5 Nfd7 6. d4 e6 7. O-O c5 8. Nb5
a6 9. Nd6+ Bxd6 10. exd6 Qb6 11. dxc5 Qxc5 12. c4 Qxd6 13. cxd5 Qxd5 14. Qa4
Bf5 15. Rd1 Qe4 16. Nd4 O-O 17. Bf3 Qh4 18. g3 Nc5 19. Qa3 Qe7 20. Nxf5 exf5
21. Be3 Nbd7 22. Rxd7 Qxd7 23. Qxc5 Rac8 24. Qb6 Qb5 25. Qxb5 axb5 26. Bxb7 Rc2
27. b3 Rb8 28. Bf3 Kf8 29. a4 Rb2 30. a5 1-0